| 000 | 00380nam a2200133Ia 4500 | ||
|---|---|---|---|
| 003 | GCL | ||
| 008 | 140319s9999 xx 000 0 ara d | ||
| 040 |
_aGCL / _cGCL |
||
| 082 | 0 | 4 |
_a370.19 _bم ت |
| 245 | 1 | 0 | _aالتربية وتنمية المجتمع |
| 260 |
_a[S.N] : _bمركز ابن خلدون للدراسات الانمائية ، _c1992 |
||
| 300 | _a148 ص | ||
| 490 | _a | ||
| 999 |
_c54914 _d54914 |
||